Statistics for Choose the Scottish county (6)

Click here to take the quiz!

General Stats

  • This quiz has been taken 7 times
  • The average score is 14 of 20

Answer Stats

QuestionAnswer% Correct
BanchoryAberdeenshire
83%
MonifiethAngus
83%
BonnyriggMidlothian
83%
LamlashNorth Ayrshire
83%
PitlochryPerth and Kinross
83%
ErskineRenfrewshire
83%
LesmahagowSouth Lanarkshire
83%
LochmaddyWestern Isles
83%
PortobelloCity of Edinburgh
67%
KirkintillochEast Dunbartonshire
67%
MusselburghEast Lothian
67%
DunipaceFalkirk
67%
PortreeHighland
67%
RutherglenSouth Lanarkshire
67%
DunblaneStirling
67%
LochgoilheadArgyll and Bute
50%
GalstonEast Ayrshire
50%
StrathblaneStirling
50%
Bridge of OrchyArgyll and Bute
33%
QueensferryCity of Edinburgh
33%

Score Distribution

Percentile by Number Answered

Percent of People with Each Score

Your Score History

You have not taken this quiz